[Event "Bronshoj Lang Weekend"]
[Site "Copenhagen"]
[Date "2018.02.18"]
[Round "6"]
[White "Andersen, Daniel"]
[Black "Gustafsson, Magnus"]
[Result "0-1"]
[WhiteElo "1816"]
[BlackElo "1914"]
[PlyCount "116"]
[EventDate "2018.02.15"]
[EventType "swiss"]
[EventRounds "7"]
[EventCountry "DEN"]
[SourceTitle "CBM 183 Extra"]
[Source "ChessBase"]
[SourceDate "2018.04.19"]
[SourceVersion "1"]
[SourceVersionDate "2018.04.19"]
[SourceQuality "1"]

1. d4 Nf6 2. c4 d6 3. Nc3 c5 4. d5 e6 5. e4 exd5 6. cxd5 Be7 7. g3 Nbd7 8. Bg2 Rb8 9. a4 b6 10. Nf3 a6 11. Qd3 Qc7 12. b3 Ng4 13. h3 Nge5 14. Nxe5 Nxe5 15. Qc2 c4 16. 0-0 0-0 17. Ne2 b5 18. axb5 axb5 19. Be3 Rb7 20. Rab1 Bd7 21. f4 Nd3 22. bxc4 bxc4 23. Rxb7 Qxb7 24. Qxc4 Bb5 25. Qb3 Qa6 26. Rb1 Bc4 27. Qb7 Qxb7 28. Rxb7 Re8 29. Nd4 Nc5 30. Rb4 Bd3 31. Nb3 Nxb3 32. Rxb3 Bc2 33. Rc3 Bb1 34. Bd4 f6 35. Rb3 Bc2 36. Rb2 Bd3 37. Kf2 Bf8 38. f5 Ba6 39. Rb6 Bd3 40. Ke3 Bc2 41. Rb7 Ra8 42. Rb2 Ra3+ 43. Kf4 Rd3 44. Bb6 Bd1 45. Rf2 Kf7 46. Bf3 g6 47. fxg6+ Kxg6 48. Bd8 h5 49. g4 h4 50. e5 fxe5+ 51. Ke4 Rd4+ 52. Ke3 Bh6+ 53. g5 Bxg5+ 54. Bxg5 Kxg5 55. Rg2+ Kf6 56. Be4 Bh5 57. Rf2+ Ke7 58. Rg2 Bf7 0-1

[Event "Bronshoj Lang Weekend"]
[Site "Copenhagen"]
[Date "2018.02.18"]
[Round "7"]
[White "Lasschuit, Rene"]
[Black "Andersen, Daniel"]
[Result "1/2-1/2"]
[WhiteElo "1713"]
[BlackElo "1816"]
[PlyCount "86"]
[EventDate "2018.02.15"]
[EventType "swiss"]
[EventRounds "7"]
[EventCountry "DEN"]
[SourceTitle "CBM 183 Extra"]
[Source "ChessBase"]
[SourceDate "2018.04.19"]
[SourceVersion "1"]
[SourceVersionDate "2018.04.19"]
[SourceQuality "1"]

1. c4 Nf6 2. Nc3 d5 3. cxd5 Nxd5 4. d4 g6 5. Qb3 Nb6 6. Nf3 Bg7 7. Bf4 c6 8. e3 0-0 9. Be2 Be6 10. Qc2 Nd5 11. Nxd5 cxd5 12. 0-0 Nc6 13. Rfc1 Qb6 14. Qd2 Rfc8 15. Rc3 Na5 16. b3 Rxc3 17. Qxc3 Rc8 18. Qd2 Nc6 19. Rc1 f6 20. Ne1 Qb4 21. Qxb4 Nxb4 22. Rxc8+ Bxc8 23. a3 Nc6 24. Bf3 e6 25. b4 Kf7 26. Kf1 b6 27. Ke2 Ba6+ 28. Kd2 Ke7 29. Bg3 Kd7 30. Be2 Bc4 31. Nd3 Bf8 32. Nb2 b5 33. Nd3 a5 34. Nc5+ Bxc5 35. bxc5 e5 36. Bxc4 dxc4 37. d5 Ne7 38. e4 b4 39. axb4 axb4 40. f4 exf4 41. Bxf4 g5 42. Be3 Ng6 43. Bd4 Ne5 1/2-1/2

[Event "Helsingor Xtracon op"]
[Site "Helsingor"]
[Date "2017.07.30"]
[Round "10"]
[White "Brondum, Eric"]
[Black "Andersen, Daniel"]
[Result "1-0"]
[WhiteElo "2040"]
[BlackElo "1856"]
[PlyCount "59"]
[EventDate "2017.07.22"]
[EventType "swiss"]
[EventRounds "10"]
[EventCountry "DEN"]
[SourceTitle "CBM 179 Extra"]
[Source "ChessBase"]
[SourceDate "2017.08.23"]
[SourceVersion "1"]
[SourceVersionDate "2017.08.23"]
[SourceQuality "1"]

1. Nf3 Nf6 2. g3 g6 3. Bg2 Bg7 4. 0-0 0-0 5. d3 d5 6. Nbd2 c5 7. e4 Nc6 8. c3 d4 9. cxd4 Nxd4 10. Nxd4 Qxd4 11. Nb3 Qd6 12. Be3 Nd7 13. Qc2 Bd4 14. Nxd4 cxd4 15. Bh6 Rd8 16. Rac1 Ne5 17. h3 Be6 18. f4 Nc6 19. a3 Rac8 20. Qd2 Qc7 21. b4 Qb6 22. f5 Bd7 23. f6 e5 24. Bg7 Re8 25. Bf8 Nd8 26. Rxc8 Bxc8 27. Be7 Ne6 28. h4 Rxe7 29. fxe7 Qc6 30. Qh6 1-0

[Event "Helsingor Xtracon op"]
[Site "Helsingor"]
[Date "2017.07.28"]
[Round "8"]
[White "Crevatin, Leo"]
[Black "Andersen, Daniel"]
[Result "1-0"]
[WhiteElo "2044"]
[BlackElo "1856"]
[PlyCount "55"]
[EventDate "2017.07.22"]
[EventType "swiss"]
[EventRounds "10"]
[EventCountry "DEN"]
[SourceTitle "CBM 179 Extra"]
[Source "ChessBase"]
[SourceDate "2017.08.23"]
[SourceVersion "1"]
[SourceVersionDate "2017.08.23"]
[SourceQuality "1"]

1. d4 Nf6 2. Bf4 c5 3. e3 cxd4 4. exd4 g6 5. c3 Bg7 6. Nf3 0-0 7. Bd3 d6 8. 0-0 Nc6 9. Re1 Bd7 10. h3 Rc8 11. Nbd2 Na5 12. Qc2 Re8 13. Bg5 a6 14. Ne4 h6 15. Bxf6 exf6 16. Qd2 Bc6 17. Qf4 Bxe4 18. Bxe4 d5 19. Bd3 Qd7 20. Qg4 Qxg4 21. hxg4 Kf8 22. Nd2 Rxe1+ 23. Rxe1 Re8 24. Kf1 Rxe1+ 25. Kxe1 Ke7 26. Kd1 Kd7 27. a4 Nc6 28. Nf3 1-0

[Event "Helsingor Xtracon op"]
[Site "Helsingor"]
[Date "2017.07.27"]
[Round "7"]
[White "Andersen, Daniel"]
[Black "Jansson, Helge"]
[Result "1-0"]
[WhiteElo "1856"]
[BlackElo "1627"]
[PlyCount "104"]
[EventDate "2017.07.22"]
[EventType "swiss"]
[EventRounds "10"]
[EventCountry "DEN"]
[SourceTitle "CBM 179 Extra"]
[Source "ChessBase"]
[SourceDate "2017.08.23"]
[SourceVersion "1"]
[SourceVersionDate "2017.08.23"]
[SourceQuality "1"]

1. c4 c5 2. Nf3 Nc6 3. Nc3 e6 4. e3 d5 5. d4 Nf6 6. a3 a5 7. cxd5 exd5 8. dxc5 Bxc5 9. Nb5 0-0 10. Bd3 Bg4 11. Be2 Re8 12. 0-0 a4 13. Nfd4 Nxd4 14. Nxd4 Bxe2 15. Nxe2 b5 16. Qd3 Qb6 17. Bd2 b4 18. axb4 Bxb4 19. Bxb4 Qxb4 20. Qc3 Qb7 21. Ra2 Rec8 22. Qd2 Rc4 23. Nc3 Qc6 24. f3 h6 25. Rfa1 a3 26. Rxa3 Rb8 27. Ra4 Rcb4 28. Rxb4 Rxb4 29. Ne2 Qb7 30. Rb1 Ne8 31. Nd4 Nd6 32. b3 Nc4 33. Qd3 Ne5 34. Qc2 Nc4 35. Qc3 Qb6 36. Rd1 Na5 37. Rc1 Kh7 38. Qd3+ g6 39. Qc3 Kg8 40. Qc8+ Kg7 41. Qc3 Kg8 42. f4 Kh7 43. h3 Nb7 44. Qc7 Qxc7 45. Rxc7 Rb6 46. Rxf7+ Kg8 47. Rc7 Nd6 48. Rc6 Rxc6 49. Nxc6 Kf7 50. Nd4 Ne4 51. Kf1 Ke7 52. Ke2 Kd6 1-0

[Event "Hillerod-ch A"]
[Site "Hillerod"]
[Date "2017.05.16"]
[Round "3"]
[White "Steenstrup, Svend"]
[Black "Andersen, Daniel"]
[Result "1-0"]
[WhiteElo "1900"]
[BlackElo "1880"]
[PlyCount "39"]
[EventDate "2017.05.02"]
[EventType "tourn"]
[EventRounds "7"]
[EventCountry "DEN"]
[SourceTitle "EXT 2023"]
[Source "ChessBase"]
[SourceDate "2022.10.05"]
[SourceVersion "1"]
[SourceVersionDate "2022.10.05"]
[SourceQuality "1"]

1. d4 Nf6 2. c4 g6 3. Nc3 d5 4. Nf3 Bg7 5. h4 dxc4 6. e4 c5 7. e5 Nfd7 8. e6 fxe6 9. h5 cxd4 10. Nxd4 Nc5 11. Be3 e5 12. Ndb5 Nd3+ 13. Bxd3 cxd3 14. hxg6 a6 15. gxh7 axb5 16. Qh5+ Kd7 17. Qg4+ Kc6 18. Qxg7 Nd7 19. Rh6+ Kc7 20. Nd5+ 1-0

[Event "Copenhagen Bronshoj op"]
[Site "Copenhagen"]
[Date "2017.02.15"]
[Round "6"]
[White "Larsen, Preben R"]
[Black "Andersen, Daniel"]
[Result "1/2-1/2"]
[WhiteElo "1823"]
[BlackElo "1858"]
[PlyCount "90"]
[EventDate "2017.02.10"]
[EventType "swiss"]
[EventRounds "7"]
[EventCountry "DEN"]
[SourceTitle "CBM 176 Extra"]
[Source "ChessBase"]
[SourceDate "2017.03.02"]
[SourceVersion "1"]
[SourceVersionDate "2017.03.02"]
[SourceQuality "1"]

1. e4 e6 2. d4 d5 3. Nc3 Nf6 4. e5 Nfd7 5. Nf3 c5 6. Bb5 a6 7. Bxd7+ Bxd7 8. 0-0 Nc6 9. Ne2 Be7 10. Be3 cxd4 11. Nexd4 0-0 12. c3 b5 13. Nxc6 Bxc6 14. Nd4 Qc7 15. Qg4 Rfc8 16. h4 Qxe5 17. Nxc6 Rxc6 18. Bd4 Rc4 19. b3 Rxd4 20. cxd4 Qd6 21. Rfc1 Bf6 22. Rc5 h5 23. Qd1 Qf4 24. Rac1 g6 25. Rc8+ Rxc8 26. Rxc8+ Kg7 27. g3 Qe4 28. Ra8 Bxd4 29. Rxa6 Bc3 30. a4 bxa4 31. Rxa4 d4 32. Kf1 Qh1+ 33. Ke2 Qe4+ 34. Kf1 e5 35. f3 Qd5 36. Rc4 Qe6 37. Kg2 e4 38. fxe4 Qxe4+ 39. Qf3 Qc2+ 40. Kf1 Qb1+ 41. Kg2 Qxb3 42. Qd3 Qb2+ 43. Kf3 Qb7+ 44. Qe4 Qd7 45. Qe5+ f6 1/2-1/2